LEADER 00930nam0-22003131i-450- 001 990000468300403321 005 20080721115522.0 010 $a0-13-730010-7 035 $a000046830 035 $aFED01000046830 035 $a(Aleph)000046830FED01 035 $a000046830 100 $a20020821d1982----km-y0itay50------ba 101 0 $aeng 105 $aa-------001yy 200 1 $aProgramming embedded systems with ADA$fValeria A. Downes, Stephen J. Goldsack 210 $aEnglewwod Cliffs, New Jersey$cPrentice-Hall international$d©1982 215 $a377 p.$cill.$d25 cm 610 0 $aLinguaggi di programmazione$aADA 610 0 $aComputer di controllo dedicato 676 $a005.133 700 1$aDownes,$bValerie A. 701 1$aGoldsack,$bStephen J. 801 0$aIT$bUNINA$gRICA$2UNIMARC 901 $aBK 912 $a990000468300403321 952 $a10 P.T. 292$b1859 CCE$fDINEL 959 $aDINEL 997 $aUNINA LEADER 00764nam a2200229 i 4500 001 991004363730707536 005 20250130142147.0 008 250130s1969 fr er 001 0 fre d 040 $aBibl. Dip.le Aggr. Studi Umanistici - Sez. Filosofia$bita$cSocioculturale Scs 041 0 $afre 082 04$a306.092$223 100 1 $aCharbonnier, Georges$0144281 245 10$aEntretiens avec Claude Lévi-Strauss /$cpar Georges Charbonnier 260 $aParis :$bUnion générale d'éditions,$cstampa 1969 300 $a188 p. ;$c18 cm 490 1 $a10/18 ;$v441 600 14$aLévi-Strauss, Claude 700 1 $aLévi-Strauss, Claude 830 0$a10/18 ;$v441 912 $a991004363730707536 996 $aEntretiens avec Claude Lévi-Strauss$94310986 997 $aUNISALENTO